Grupos focales, focus groups: técnica de investigación cualitativa
Uloženo v:
| Hlavní autor: | |
|---|---|
| Médium: | Kniha |
| Jazyk: | španělština |
| Vydáno: |
Santiago
Cide
2000
|
| Edice: | Docencia
|
| Témata: | |
| Tagy: |
Přidat tag
Žádné tagy, Buďte první, kdo vytvoří štítek k tomuto záznamu!
|
MARC
| LEADER | 00000nam a2200000 a 4500 | ||
|---|---|---|---|
| 001 | UCO6073 | ||
| 003 | CL-VaPUC | ||
| 008 | 001006e20000000CL |||||||||||||||||spa|d | ||
| 082 | 0 | 4 | |a 300.72 |b MEL |2 21 |
| 100 | |a Mella Valenzuela, Orlando |e autor |9 496633 | ||
| 245 | 1 | 0 | |a Grupos focales, focus groups: técnica de investigación cualitativa |
| 300 | |a 29 p | ||
| 942 | |c BK | ||
| 945 | |d 20001006 00:00:00 |a vberengu | ||
| 260 | |a Santiago |b Cide |c 2000 | ||
| 650 | 7 | |a FOCUS GROUPS |2 CL-VaPUC |9 450914 | |
| 650 | 0 | |a Investigación cualitativa |9 389535 | |
| 650 | 0 | |a Investigación social |9 307814 | |
| 650 | 0 | |a Métodos de investigación |9 262618 | |
| 583 | |a last modification |c 20001006 00:00:00 |k Rodrigo Vera | ||
| 490 | 0 | |a Docencia | |
| 999 | |c 291865 |d 291863 | ||
| 952 | |0 0 |1 0 |4 0 |6 300_720000000000000_MEL_2000 |7 0 |8 A |9 342134 |a BIBGIM |b BIBGIM |d 2019-11-20 |i 3649148 |o 300.72 MEL 2000 |p 3649148 |r 2025-01-15 |w 2019-11-20 |y BK |k SSL | ||
| 952 | |0 0 |1 0 |4 0 |6 300_720000000000000_MEL_2000 |7 0 |8 A |9 342135 |a BIBGIM |b BIBGIM |d 2019-11-20 |i 3649156 |o 300.72 MEL 2000 |p 3649156 |r 2025-01-15 |w 2019-11-20 |y BK |k SSL | ||
| 952 | |0 0 |1 0 |4 0 |6 300_720000000000000_MEL_2000 |7 0 |8 A |9 342136 |a BIBGIM |b BIBGIM |d 2019-11-20 |i 3649164 |o 300.72 MEL 2000 |p 3649164 |r 2025-01-15 |w 2019-11-20 |y BK |k SSL | ||
| 952 | |0 0 |1 0 |4 0 |6 300_720000000000000_MEL_2000 |7 0 |8 A |9 342137 |a BIBGIM |b BIBGIM |d 2019-11-20 |i 3649172 |o 300.72 MEL 2000 |p 3649172 |r 2025-01-15 |w 2019-11-20 |y BK |k SSL | ||
| 952 | |0 0 |1 0 |4 0 |6 300_720000000000000_MEL_2000 |7 0 |8 A |9 342138 |a BIBGIM |b BIBGIM |d 2019-11-20 |i 3649180 |o 300.72 MEL 2000 |p 3649180 |r 2025-01-15 |w 2019-11-20 |y BK |k SSL | ||